| 000 | 01260nam a2200325 i 4500 | ||
|---|---|---|---|
| 003 | DO-SdBNP | ||
| 005 | 20260321073645.0 | ||
| 007 | ta | ||
| 008 | 230516b2022 dr a|||| |||| 00| 0 spa d | ||
| 020 | _a9789945587272 | ||
| 040 |
_aDO-SdBNP _bspa _cBNPHU _erda |
||
| 082 | 4 |
_aRD863.44 _bB742c _222 |
|
| 100 | 1 |
_a Bosch, Juan, _d1909-2001 _eautor _4aut. _976555 |
|
| 245 | 0 | 0 |
_aCuentos para el corazón : _brelatos infantiles de Juan Bosch / _cedición comentada de Farah Hallal ; coordinador editorial, Jordy Rosario Correa; ilustraciones, Itzel Then. |
| 250 | _aEdición comentada | ||
| 264 | 4 |
_aSanto Domingo : _bFundación Juan Bosch, _c©2022. |
|
| 300 |
_a107 páginas : _bilustraciones ; _c23 cm. |
||
| 336 |
_atexto _btxt _2rdacontent |
||
| 337 |
_asin mediación _bn _2rdamedia |
||
| 338 |
_avolumen _bnc _2rdacarrier |
||
| 490 | 0 | _aBosch Vive | |
| 590 | _aInventariado, 2023/BT | ||
| 650 | 7 |
_aCuentos infantiles dominicanos _2LEMB _9505 |
|
| 650 | 7 |
_aLiteratura infantil dominicana _2LEMB |
|
| 700 | 1 |
_aHallal, Farah, _eedición _4ed. _972150 |
|
| 700 | 1 |
_aThen, Itzel _eilustraciones _4il. _983398 |
|
| 700 | 1 |
_a Rosario Correa, Jordy _e coordinador editorial _4coor. _986814 |
|
| 910 | _aBtavárez//Validado. Control de calidad MFF | ||
| 942 |
_2ddc _cLBS1 |
||
| 999 |
_c53537 _d53537 |
||